000 00859nam a2200253 a 4500
001 52422
003 BD-RjUL
005 20211209075813.0
008 160920s1977 bg ||||| |||| 00| 0 ben d
020 _c: Tk. 22.00
035 _a(BD-RjUL)52542
040 _aBD-RjUL
_bben
_cBD-RjUL
041 _aben
082 _223
_a781.62914126
_bJAM 1977
100 1 _aজসীমউদদীন
_9118920
245 1 0 _aমুর্শীদা গান /
_cজসীমউদদীন
260 _aঢাকা :
_bবাংলা একাডেমী,
_c১৯৭৭
300 _a[১২], ২৭২ পৃ ;
_c২২ সেমি.
490 _aবাএ ;
_v৮২২
650 _aলোকসঙ্গীত, বাংলাদশী
_9163661
650 _aFolk Music, Bangladeshi
_9163662
830 _aবাএ ;
_v৮২২
_9163669
942 _2ddc
_cBK
999 _c52422
_d52422